Christian high schools in India : Being the report of a survey conducted on behalf of the nationala christian council of India, Burma and Ceylon (Record no. 1321893)

MARC details
000 -LEADER
fixed length control field 00672nam a2200193Ia 4500
005 - DATE AND TIME OF LATEST TRANSACTION
control field 20260415160336.0
008 - FIXED-LENGTH DATA ELEMENTS--GENERAL INFORMATION
fixed length control field 008 250505s9999 xx 000 0 eng d
037 ## - SOURCE OF ACQUISITION
Stock number Textual
040 ## - CATALOGING SOURCE
Original cataloging agency FEDL
Language of cataloging eng
Transcribing agency FEDL
041 ## - LANGUAGE CODE
Language code of text/sound track or separate title eng
Source of code eng
084 ## - COLON CLASSIFICATION NUMBER
Classification number 371.6 DOR
Assigning agency FEDL
100 ## - MAIN ENTRY--PERSONAL NAME
Personal name Doren Alice B Van
245 #0 - TITLE STATEMENT
Title Christian high schools in India : Being the report of a survey conducted on behalf of the nationala christian council of India, Burma and Ceylon
260 ## - PUBLICATION, DISTRIBUTION, ETC.
Place of publication, distribution, etc. Calcutta, India
Name of publisher, distributor, etc. YMCA Publishing House
Date of publication, distribution, etc. 1936
300 ## - PHYSICAL DESCRIPTION
Extent 170p
490 ## - SERIES STATEMENT
Series statement The educaton of India series
942 ## - ADDED ENTRY ELEMENTS (KOHA)
Koha item type Textual
Classification part 371.6 DOR
Holdings
Withdrawn status Lost status Damaged status Not for loan Home library Current library Date acquired Total Checkouts Full call number Barcode Date last seen Price effective from Koha item type
        Department of Education Library Department of Education Library 2025-05-08   371.6 DOR EL0000587 2025-05-08 2025-05-08 Textual
Copyright @ Delhi University Library System